000 00696nam a2200205Ii 4500
003 JO-AjNU
008 230605s9999||||xx |||||||||||||| ||und||
017 _a2008/8/3039
040 _aJO-AjNU
_bara
_erda
_cJO-AjNU
041 _aara
050 1 4 _aPJ7700.K2.Z86 2008
100 3 _aإعداد الرواشدة، مشهور,
_eauthor
_949498
245 0 0 _aشعر كعب بن زهير: دراسة فنية
264 3 1 _aعمان:وزارة الثقافة،2008
300 _a204ص
336 _atext
_btxt
_2rdacontent
337 _aunmediated
_bn
_2rdamedia
338 _avolume
_bnc
_2rdacarrier
650 4 _aالشعر العربي - تاريخ ونقد - عصر صدر الإسلام
_949499
999 _aA21744
_c25312
_d25312